Úlohy a postavenie ŠBČS v investičnej výstavbe záverečná práca postgraduálneho štúdia

Saved in:
Bibliographic Details
Main Author: Domjen, Miroslav
Corporate Author: Vysoká škola ekonomická v Bratislave
Other Authors: Moravčík, Jozef
Format: Book
Language:Slovak
Published: Bratislava 1988
Tags: Add Tag
No Tags, Be the first to tag this record!

MARC

LEADER 00000nam a2200000 4500
001 c031833
005 20221219092514.3
041 0 |a slo 
044 |a SK 
245 1 0 |a Úlohy a postavenie ŠBČS v investičnej výstavbe  |b záverečná práca postgraduálneho štúdia  |c Miroslav Domjen ; Ved. práce Jozef Moravčík 
264 1 |a Bratislava  |c 1988 
300 |a 43 s. 
100 1 |a Domjen, Miroslav 
700 1 |a Moravčík, Jozef 
710 2 |a Vysoká škola ekonomická v Bratislave